|
|
|
|
| LEADER |
00000nam0a2200000 4500 |
| 001 |
32578 |
| 005 |
20231030204937.0 |
| 035 |
|
|
|a (RuTPU)RU\TPU\book\32877
|
| 035 |
|
|
|a BOOK00000003
|
| 090 |
|
|
|a 32578
|
| 100 |
|
|
|a 20011210d1981 km y0rusy50 ca
|
| 101 |
0 |
|
|a rus
|
| 102 |
|
|
|a RU
|
| 105 |
|
|
|a y e 001zy
|
| 200 |
1 |
|
|a Словарь по этике
|f Под ред. И. С. Кона
|
| 205 |
|
|
|a 4-е изд.
|
| 210 |
|
|
|a Москва
|c Политиздат
|d 1981
|
| 215 |
|
|
|a 430 с.
|
| 320 |
|
|
|a Темат. указ.: с. 425-430.
|
| 610 |
1 |
|
|a этика
|
| 610 |
1 |
|
|a словари
|
| 686 |
|
|
|a Ю7я2
|v LBC/SL-A
|2 rubbk
|
| 702 |
|
1 |
|a Кон
|b И. С.
|4 340
|
| 801 |
|
0 |
|a RU
|b 63413507
|c 20011210
|g PSBO
|
| 801 |
|
2 |
|a RU
|b 63413507
|c 20160229
|g PSBO
|
| 942 |
|
|
|c BK
|